Airports Connected with the Most Countries - Statistics

General Stats
  • This quiz has been taken 797 times
  • The average score is 12 of 15
Answer Stats
Countries Airport % Correct
77 London (Heathrow)
97%
105 Paris (Charles de Gaulle)
96%
71 New York (JFK)
93%
63 London (Gatwick)
91%
60 Madrid
88%
70 Rome
87%
86 Dubai
85%
91 Istanbul (Atatürk)
81%
79 Amsterdam
80%
93 Frankfurt
80%
57 Moscow (Sheremetyevo)
80%
62 Doha
60%
61 Munich
60%
58 Zurich
51%
59 Vienna
50%
No matching quizzes found
Score Distribution
Percent of People with Each Score
Percentile by Number Answered
Your Score History
You have not taken this quiz